| 000 | 01223nam a22003257a 4500 | ||
|---|---|---|---|
| 001 | BR8206290 | ||
| 003 | BR-BrBNA | ||
| 005 | 20230928091502.0 | ||
| 007 | ta | ||
| 008 | 230509b bl.||||| |||| 00| 0 por d | ||
| 040 |
_aBR-BrBNA _bpor _cBiblioteca Nacional de Agricultura |
||
| 041 | _a(Por) | ||
| 072 |
_aF00; F30 _b0336 _b/G514 |
||
| 090 | _ 0336 BR8206290 | ||
| 100 | 1 | _aBraga, N.R. | |
| 110 | 1 |
_aUniversidade Federal do Rio Grande do Sul, Porto Alegre (Brasil). Depto. de Fitotecnia _0Dissertacao (Mestrado) _911154 |
|
| 245 | 1 | _aComparacao de dez cultivares de soja pelo indice de colheita em diferentes segmentos das plantas e outras caracteristicas, num ambiente de alto rendimento [Rio Grande do Sul, Brasil] | |
| 260 | 3 |
_aPorto Alegre, RS (Brasil): _c1982. |
|
| 300 | _a101 p. | ||
| 500 | _a16 tables; 3 graphs; Bibliography p. 65-72 (75 ref.); Summaries (Eng, Por). (*) Documento disponível na(o) Universidade Federal do Rio Grande do Sul, Porto Alegre (Brazil) | ||
| 650 | _aRENDIMENTO | ||
| 650 | _aVARIEDADE | ||
| 650 | _aMATERIA SECA | ||
| 650 | _aCOLHEITA | ||
| 650 | _aSEMENTE | ||
| 650 | _aSOJA | ||
| 650 | _aRIO GRANDE DO SUL | ||
| 909 |
_a202309 _bLucia _c55 _dLucia Elande |
||
| 942 | _cBK | ||
| 999 |
_c34067 _d34067 |
||